Prediction of sport competitive state anxiety among coaches and athletes /

Bibliographic Details
Main Author: Kjoss-Hansen, Bente, 1948-
Format: Thesis Microform Book
Language:English
Published: [Place of publication not identified] : [publisher not identified] ; 1983.
Subjects:

MARC

Tag First Indicator Second Indicator Subfields
LEADER 00000cam a2200000 a 4500
001 in00000024711
005 20151007054357.0
007 he bmb|||||||
008 850514r19851983orua bb 00010 eng d
035 |a (OCoLC)12033160 
035 |9 AAB4854AM 
040 |a ORU  |c INT  |d INT  |d HPE  |d m/c  |d TXA  |d UtOrBLW 
049 |a TXAI 
099 |a fiche  |a C  |a 8526 
100 1 |a Kjoss-Hansen, Bente,  |d 1948- 
245 1 0 |a Prediction of sport competitive state anxiety among coaches and athletes /  |c Bente Kjoss-Hansen. 
264 1 |a [Place of publication not identified] :  |b [publisher not identified] ;  |c 1983. 
300 |a xi, 103 leaves :  |b illustrations 
336 |a text  |b txt  |2 rdacontent 
337 |a microform  |b h  |2 rdamedia 
338 |a microfiche  |b he  |2 rdacarrier 
502 |b Ed. D.  |c University of Northern Colorado  |d 1983. 
500 |a Vita. 
504 |a Bibliography: leaves [90]-100. 
533 |a Microfiche.  |b Eugene :  |c Microform Publications, College of Human Development and Performance, University of Oregon,  |d 1985.  |e 2 microfiches : negative ; 11 x 15 cm. 
500 |a Microform. 
650 0 |a Competition (Psychology) 
650 0 |a Anxiety. 
650 0 |a Coaches (Athletics)  |x Psychology. 
650 0 |a Women athletes  |x Psychology. 
999 |a MARS 
999 f f |s 6a313421-7feb-39fc-9130-f6c197883d9b  |i d9b11d96-f852-327d-8fe9-9e78da725211  |t 0 
952 f f |p normal  |a Texas A&M University  |b College Station  |c Sterling C. Evans Library  |d Evans: Microforms (3rd floor)  |t 0  |e fiche C 8526  |h Other scheme  |i microform -- microfiche  |m A14822823934 
998 f f |a fiche C 8526  |t 0  |l Evans: Microforms (3rd floor)